ARRUPE JESUIT UNIVERSITY

CORONAVIRUS -STOP THE SPREAD - CLEAN,DISINFECT,COVER

African theology in the 21st century : (Record no. 125367)

MARC details
000 -LEADER
fixed length control field 01387cam a2200373 a 4500
001 - CONTROL NUMBER
control field 13409795
003 - CONTROL NUMBER IDENTIFIER
control field ARRUPE
005 - DATE AND TIME OF LATEST TRANSACTION
control field 20160929113017.0
008 - FIXED-LENGTH DATA ELEMENTS--GENERAL INFORMATION
fixed length control field 030923m20039999ke b 000 0 eng
010 ## - LIBRARY OF CONGRESS CONTROL NUMBER
LC control number 2003405772
020 ## - INTERNATIONAL STANDARD BOOK NUMBER
International Standard Book Number 9966218831 (v. 1)
020 ## - INTERNATIONAL STANDARD BOOK NUMBER
International Standard Book Number 9966081577 (v. 2)
020 ## - INTERNATIONAL STANDARD BOOK NUMBER
International Standard Book Number 9789966087324 (v. 3)
020 ## - INTERNATIONAL STANDARD BOOK NUMBER
International Standard Book Number 996608732X (v. 3)
035 ## - SYSTEM CONTROL NUMBER
System control number (DLC) 2003405772
040 ## - CATALOGING SOURCE
Original cataloging agency DLC
Transcribing agency DLC
041 1# - LANGUAGE CODE
Language code of text/sound track or separate title eng
Language code of original and/or intermediate translations of text fre
042 ## - AUTHENTICATION CODE
Authentication code lcode
050 00 - LIBRARY OF CONGRESS CALL NUMBER
Classification number BT30.A357
Item number T4813 2003
300 ## - PHYSICAL DESCRIPTION
Dimensions 21 cm.
130 0# - MAIN ENTRY--UNIFORM TITLE
Uniform title Theologie africaine au XXIe siecle.
Language of a work English.
9 (RLIN) 26248
245 10 - TITLE STATEMENT
Title African theology in the 21st century :
Remainder of title the contribution of the pioneers /
Statement of responsibility, etc Bénézet Bujo, Juvénal Ilunga Muya (ed.) ; [translated from French by Silvano Borruso].
260 ## - PUBLICATION, DISTRIBUTION, ETC. (IMPRINT)
Place of publication, distribution, etc Nairobi, Kenya :
Name of publisher, distributor, etc Paulines Publications Africa,
Date of publication, distribution, etc 2003-<2005>
300 ## - PHYSICAL DESCRIPTION
Extent v. <1-2> ;
504 ## - BIBLIOGRAPHY, ETC. NOTE
Bibliography, etc Includes bibliographical references.
650 #0 - SUBJECT ADDED ENTRY--TOPICAL TERM
Topical term or geographic name as entry element Theologians
Geographic subdivision Africa.
9 (RLIN) 26249
650 #0 - SUBJECT ADDED ENTRY--TOPICAL TERM
Topical term or geographic name as entry element Theology, Doctrinal
Geographic subdivision Africa.
9 (RLIN) 8574
700 1# - ADDED ENTRY--PERSONAL NAME
Personal name Bujo, Bénézet.
9 (RLIN) 14709
Relator code ed.
700 1# - ADDED ENTRY--PERSONAL NAME
Personal name Ilunga Muya, Juvénal.
9 (RLIN) 26250
Relator code ed.
906 ## - LOCAL DATA ELEMENT F, LDF (RLIN)
a 7
b cbc
c origode
d 2
e ncip
f 20
g y-gencatlg
942 ## - ADDED ENTRY ELEMENTS (KOHA)
Source of classification or shelving scheme Library of Congress Classification
Koha item type Monograph ( Printed materials)
Holdings
Withdrawn status Lost status Source of classification or shelving scheme Damaged status Not for loan Collection code Home library Current library Shelving location Date acquired Total Checkouts Full call number Barcode Date last seen Date checked out Copy number Price effective from Koha item type Public note
    Library of Congress Classification     Main Collection ARRUPE LIBRARY ARRUPE LIBRARY Main Collection 27/09/2016 1 BT30.A4 B932 2003 46500010702 05/02/2024 05/02/2024 V.1 27/09/2016 Monograph ( Printed materials) on reserve
    Library of Congress Classification     Main Collection ARRUPE LIBRARY ARRUPE LIBRARY Main Collection 27/09/2016   BT30.A4 B932 2003 46500010703 27/09/2016   V.2 27/09/2016 Monograph ( Printed materials)  

 

Arrupe Library. PO Box MP320 Mt Pleasant, Harare, Zimbabwe
263 242 745411|librarian@aju.ac.zw